Größte Erfindungen 1900 - 2022 - Statistiken

Allgemein
  • Dieses Quiz wurde 84 mal gespielt
  • Das Durchschnittsergebnis liegt bei 37 aus 127
Antwortstatistiken
Jahr Erfinder Erfindung % Korrekt
1939 - 1941 Ernst Heinkel / Sir Frank Whittle ✈ Düsenflugzeug
92%
1916 Hugo Junkers ✈ Metall - Flugzeug
92%
1901 / 1903 Gustav Weißkopf / Gebrüder Wright ✈ Motorflugzeug
92%
1900 Graf Ferdinand von Zeppelin /David Schwarz Zeppelin
86%
2002 "Volkswagen" ⛽ 🚘 1-Liter - Auto
85%
1928 "General Electric" 📺 📶 Fernseh - Übertragung
79%
1953 Adolf Dassler ⚽ 👟 Fußballschuhe (Schraubstollen)
75%
1977 Steven Wozniak / Steve Jobs 🖥 PC (Apple II)
75%
1973 Martin Cooper / "Motorola" 📱 Mobiltelefon / Handy (GSM)
74%
2011 "D-...... Systems" Quantencomputer D-Wave One
68%
1941 Konrad Zuse / Howard H. Aiken 🖥 Computer
67%
1962 Al Fritz 🛞 Bonanza - Rad / Sting - Ray
66%
1926 Robert Hutchins Goddard 🚀 Rakete
66%
1905 Frank Epperson 🍦 Eis am Stiel
64%
1914 Oskar Barnack 📸 Kleinbildkkamera (tragb. Fotoapparat)
62%
1916 Clarence Saunders 🏪 🛒 Supermarkt (Selbstbedienung)
62%
2007 "Apple" 🍏 📱 IPhone 2G
60%
1972 Firma "Philipps" 💿 CD / Video - Disc
59%
1989 Sir Tim Berners - Lee World Wide Web (www)
59%
1902 Richard Steiff 🐻 Teddybär
53%
1946 Louis Réard 👙 Bikini
52%
1914 "American Traffic Signal Company" 🚦 elektr. Verkehrsampel
52%
1940 Peter Carl Goldmark 🎨 📺 Farbfernseher
52%
1937 Henrich Focke 🚁 Hubschrauber
52%
1969 "Advanced Research Projects Agency" 🌐 🖥 Internet
52%
1927 Hans Haupt ☔ klappbarer Regenschirm / Knirps
52%
1935 Carlton C. Magee 🌳 🕒 Parkuhr
51%
1920 "Racine Universal Motors Company" 🌬 💇🏼‍♀️ elektr. Haartrockner
48%
1943 Ladislao Biro 🖊 Kugelschreiber
48%
1922 Hans Vogt 🎶 📽 Tonfilm
48%
1938 Achille Gaggia Espresso - Maschine
47%
1924 / 1925 Wladimir Zworykin / John Logie Baird 📺 Fernsehapparat
47%
1902 / 1913 Ransom Eli Olds / Henry Ford Fließband
47%
1954 Gottlob Widmann ☕ Kaffeemaschine
47%
1971 Raymond Tomlinson 📧 @ E-Mail & @-Zeichen
45%
1977 Ernö Rubik ✨ 🎲 Zauberwürfel / Rubik's Cube
45%
2022 "OpenAI" 🗣 🤖 Chat GBT / KI - Chatroboter
44%
2006 Julian Assange 🌐 📖 🤫 WikiLeaks
44%
1963 Firma "Philipps" 📼 🎶 Kassettenrekorder
42%
1910 Josef Friedrich Schmidt 🎲 ♟ 😡 Mensch ärgere dich nicht
42%
1922 Hans Riegel Gummibärchen
41%
1928 Fritz Pfleumer 📼 Tonband
40%
1951 Carl Djerassi / Gregory Pincus / John Rock / Luis E. Miramontes 🚫 🤱 💊 Antibabypille
38%
1942 Enrico Fermi ⚛ 🏭 Kernkraft / Atomreaktor
38%
1971 Firma "Texas Instruments" 👜 ➕ = Taschenrechner
38%
1957 Sowjetunion 🛰 Satellit
37%
1947 Edwin Herbert Land Polaroid - Sofortbildkamera
36%
1901 - 1906 Louis Krauß / Alva J. Fisher elektr. Waschmaschine
34%
1979 Firma "Sony" 🚶 👨🏻 Walkman
34%
1908 Melitta Bentz ☕ 🛍 Filtertüten
32%
1991 Junghans 📶 ⌚ Funkarmbanduhr
32%
1907 Maximilian Negwer 👂🔕 Ohropax
32%
1989 Firma "Nintendo" Gameboy
30%
2004 "Honda" 🚶 🤖 ASIMO (humaner Roboter)
29%
1994 "BellSouth" IBM📱 Smartphone
29%
1950 Frank McNamara / Ralph Edward Schneider 💳 Kreditkarte (privat)
26%
1969 Marcian Edward Hoff Mikroprozessor
26%
1973 - 1977 Gary Fisher / Joe Breeze / Charles Kelly /Tom Ritchey 🚵 Mountainbike
26%
1907 Firma Henkel Waschmittel
25%
2006 "........ Promotion Group" 📀 HD - DVD
23%
1923 Jacob Schick 🧔🏻 elektr. Rasierapparat
22%
2008 "Cern" Large Hadron Collider (LHC) / Teilchenbeschleuniger
22%
1911 Ludwig Sütterlin Sütterlin - Schrift ("dt. Volksschrift")
22%
1972 Dt. Bundespost B-Netz (Post)
21%
1926 Margarete Schütte - Lihotzky Einbauküche
21%
1998 "NASA" / "ESA " Internationale Raumstation (ISS)
21%
1949 Hermann Gmeiners 🆘 👧🏽 SOS - Kinderdörfer
21%
1942 Erik Andreas Rotheim / Lyle D. Goodhue /William N. Sullivan Spraydose
21%
1944 - 1948 Peter Carl Goldmark Langspielplatte (LP)
19%
1964 Mary Quant Minirock
19%
1965 Sherman Poppen / Tom Sims / Jake Burton /Dimitrije Milovich 🏂 Snowboard
19%
1949 Herta Heuwer 🍛 🌭 Currywurst
18%
1955 Robert Abplanalp / "Wella" & "Taft" Haarspray
18%
1934 Hermann Kemper Magnet - Schwebebahn
18%
1982 - 1987 "Fraunhofer Institut" / "AT&T" / "Thomson" Moving Picture Layer 3 (MP3)
18%
1929 Adolf Rambold 🍵 👜 Teebeutel
18%
1999 Shigetaka Kurita 😭😇🤑🤪 Emojis
16%
1957 Alfred Fielding / Marc Chavannes Luftpolsterfolie
16%
1933 Elizabeth Phillips / Charles Darrow 🧐 🎲 Monopoly
16%
1958 "Volvo" Sicherheitsgurt
15%
1963 Harvey Ball 🙂 Smiley
15%
1901 Eugen Langen / Wilhelm Feldmann 🚠 Wuppertaler Schwebebahn
15%
1915 William Tritton / Walter Gordon Wilson Panzer
14%
1932 August Fischer 🦉 UHU - Alleskleber
14%
1907 Leo Hendrik Baekeland Kunststoff Bakelit
12%
1981 Adam Osborne Laptop (Osborne I)
12%
1971 "Mercedes Benz" Airbag
11%
1901 / 1906 Hubert C. Booth / James Spangler elektr. Staubsauger
11%
1955 Narinder Singh Kapany 🍸 🔌 Glasfaserkabel
11%
1947 Percy Spencer Mikrowelle
11%
1963 Firma "Pentel" Filzstift
10%
1952 Paul Zoll ♥ ⚡ Herzschrittmacher
10%
1905 Alfred Binet / Théodore Simon IQ - Test (Intelligenztest)
10%
1907 Ottomar von Mayenburg Zahnpasta
10%
1936 Hans von Ohain Düsentriebwerk
8%
1935 Wallace Hume Carothers 🧦 Nylonstrumpf
8%
1907 Robert Baden - Powell 👧🏼 🍪 Pfadfinder
8%
1959 Ruth Handler Barbie - Puppe
7%
1915 Johann Bruecker 🧔🏻 elektr. Trockenrasierer
7%
1913 Arthur Wynne 📖❌🖋 Kreuzworträtsel
7%
1903 James Dewar / Adolf Ferdinand Weinhold /Reinhold Burger ♨️ 🍾 Thermosflasche
7%
1902 Robert Bosch Zündkerze
7%
1958 Artur Fischer Kunststoff - Dübel
5%
1968 Walter Thiele 😂 💰 Lachsack
5%
1954 Gerald Pearson / Daryl Chapin /Calvin Souther Fuller ☀ ⚡ Solarzellen
5%
1910 John Joseph Rawlings Spreiz - Dübel
5%
1979 US-Verteidigungsministerium Global Position System (GPS)
4%
1986 Sowjetunion (Russland) Raumstation MIR
4%
1978 Louise Joy Brown 🍰 🤱 Retortenbaby
4%
1929 Oskar Rosenfelder 👜 📄 Tempo - Taschentuch
4%
1953 Leslie & Rodney Smith 🚘 Matchbox - Autos
3%
1938 Roy Plunkett Teflon
3%
2000 Dov Moran USB - Stick
3%
2011 "NASA" Curiosity / Mars - Mobil
1%
2021 "OpenAI" 🤖 🖥 DALL - E / KI - Computerprogramm
1%
1951 George de Mestral Klettverschluss
1%
1963 Wolf Gerlach Mainzelmännchen
1%
1911 Oskar Troplowitz Nivea Hautcreme
1%
1969 "Seiko" Quarzuhr
1%
1904 Christian Hülsmeyer Radar
1%
1948 Norman Joseph Woodland / Bernard Silver Strichcode / Barcode
1%
1991 k.A. (in Cambridge) 🌐 📸 Webcam
1%
1972 Godfrey Newbold Hounsfield /Allan McLeod Cormack Computertomographie (CTG)
0%
1915 Paul Langevin Echolot
0%
1960 Theodore Maiman Laser
0%
1974 Hans Beck /Horst Brandstätter Playmobil - Figuren
0%
1912 Alexander Behm Sonar - Echolot
0%
Keine übereinstimmenden Quizze gefunden
Verteilung der Resultate
Anzahl Personen mit jedem Resultat
Perzentil nach korrekt beantworteten Fragen
Ihre Resultats-Entwicklung
Sie haben dieses Quiz noch nicht gespielt